00634nam a2200229Ia 4500003000900000008004100009040001300050040001300063041000800076100002100084245001000105250001100115260001400126260000900140300001100149300001000160490002000170490000600190942000700196999001700203952018400220IT-RoPAU120407s9999 xx 000 0 und d aIT-RoPAU cIT-RoPAU aita aVittorio Alfieri aVita. aMilano aGarzanti  c1977 a317 p. c18 cm aI grandi Libri. v1 cBK c32375d32375 00102ddc406850_30000000000000071aPAULUSbPAULUSd2012-04-11l0o850.3r2012-04-11 00:00:00w2012-04-11yBKzInserito da: Anna In data: n.d. fondo: Via A.Severo 56 Progr:37159